| 000 | 00448nam a22001817a 4500 | ||
|---|---|---|---|
| 003 | MPLRDC | ||
| 005 | 20220104142448.0 | ||
| 008 | 210129b ||||| |||| 00| 0 eng d | ||
| 020 | _a962-447-400-1 | ||
| 082 | _a857.623 ZY-4 v.16 c.2 | ||
| 100 | _a张宇 | ||
| 245 |
_a落发记 _c |
||
| 260 |
_a _b勤加缘出版社 _c1994 |
||
| 300 | _b平 | ||
| 490 | _a张宇玄幻系列. 16 | ||
| 650 | _a灵异小说 | ||
| 942 |
_cBK _o857.623 ZY-4 v.16 c.2 |
||
| 999 |
_c31103 _d31093 |
||